000 00400nmm a2200145Ia 4500
008 251105s9999||||xx |||||||||||||||||und||
041 _aspa
100 _aPardo Bazán, Emilia
245 0 _aPascual López
264 _a[Madrid, España] :
_bSaga Egmont,
_c2020
300 _a231 páginas
650 _aSpanish narrative
856 _uhttps://public.digitaliapublishing.com/a/99968
942 _cCF
999 _c106715
_d106715